[Event "Plovdiv Tringov Memorial 36th"]
[Site "Plovdiv"]
[Date "2014.02.08"]
[Round "8"]
[White "Skoko, Milan"]
[Black "Ermenkov, Evgenij"]
[Result "0-1"]
[WhiteElo "2242"]
[BlackElo "2427"]
[PlyCount "82"]
[EventDate "2014.02.02"]
[EventType "swiss"]
[EventRounds "9"]
[EventCountry "BUL"]
[SourceTitle "CBM 158 Extra"]
[Source "ChessBase"]
[SourceDate "2014.02.28"]
[SourceVersion "1"]
[SourceVersionDate "2014.02.28"]
[SourceQuality "1"]

1. e4 c6 2. d4 d5 3. exd5 cxd5 4. c4 Nf6 5. Nc3 g6 6. cxd5 Nxd5 7. Qb3 Nb6 8. Bb5+ Bd7 9. a4 Bg7 10. a5 Nc8 11. Nf3 0-0 12. Be3 Nd6 13. 0-0 Nxb5 14. Nxb5 Nc6 15. Nc3 Nxa5 16. Qd5 Nc6 17. Qe4 e6 18. Bg5 f6 19. Bd2 Re8 20. Qh4 Ne7 21. Ne2 Bc6 22. Qh3 Qd7 23. Bc3 Nd5 24. Bd2 b6 25. Rfe1 a5 26. Qg3 Bb7 27. h4 Rac8 28. h5 Qf7 29. Rac1 gxh5 30. Nh4 Kh8 31. Qh3 Bf8 32. Ng3 Rxc1 33. Bxc1 Bb4 34. Rd1 Bd6 35. Ne4 Bb8 36. Qf3 Rg8 37. Re1 Rg4 38. Qh3 Nf4 39. Bxf4 Bxf4 40. f3 Rg8 41. g3 Bxe4 0-1

[Event "Vojvodina-chT 2nd League"]
[Site "Stari Banovci"]
[Date "2013.11.09"]
[Round "9"]
[White "Vidic, Stevan"]
[Black "Skoko, Milan"]
[Result "1-0"]
[WhiteElo "2278"]
[BlackElo "2239"]
[PlyCount "73"]
[EventDate "2013.11.03"]
[EventType "team-tourn"]
[EventRounds "11"]
[EventCountry "SRB"]
[SourceTitle "EXT 2015"]
[Source "ChessBase"]
[SourceDate "2014.11.20"]
[SourceVersion "1"]
[SourceVersionDate "2014.11.20"]
[SourceQuality "1"]

1. Nf3 f5 2. d4 Nf6 3. c4 g6 4. Nc3 Bg7 5. g3 0-0 6. Bg2 d6 7. 0-0 e6 8. Qc2 Nc6 9. d5 Nb4 10. Qb3 Na6 11. dxe6 Nc5 12. Qc2 Bxe6 13. b3 Kh8 14. Bb2 Rb8 15. Rad1 Bg8 16. Ng5 Re8 17. Nh3 Qe7 18. Rfe1 Nce4 19. e3 Nxc3 20. Bxc3 Ne4 21. Bd4 b6 22. Nf4 Bxd4 23. exd4 g5 24. Nh3 g4 25. Nf4 c6 26. d5 cxd5 27. Nxd5 Bxd5 28. Rxd5 Qf6 29. Bxe4 Re5 30. Rxe5 Qxe5 31. Re3 fxe4 32. Rxe4 Qa1+ 33. Kg2 Qg7 34. Qe2 Rg8 35. Qe3 h5 36. Re6 Kh7 37. Re7 1-0

[Event "Vojvodina-chT 2nd League"]
[Site "Stari Banovci"]
[Date "2013.11.07"]
[Round "5"]
[White "Skoko, Milan"]
[Black "Adamov, Ivan"]
[Result "1-0"]
[WhiteElo "2239"]
[BlackElo "1901"]
[PlyCount "99"]
[EventDate "2013.11.03"]
[EventType "team-tourn"]
[EventRounds "11"]
[EventCountry "SRB"]
[SourceTitle "EXT 2015"]
[Source "ChessBase"]
[SourceDate "2014.11.20"]
[SourceVersion "1"]
[SourceVersionDate "2014.11.20"]
[SourceQuality "1"]

1. e4 c5 2. c3 d5 3. exd5 Qxd5 4. d4 Nf6 5. Nf3 Bg4 6. dxc5 Qxc5 7. Na3 a6 8. Be3 Qc7 9. h3 Bh5 10. Be2 Nbd7 11. 0-0 e6 12. Nc2 Bc5 13. Bxc5 Nxc5 14. Nfd4 Bg6 15. Ne3 Rd8 16. Qc1 Nd3 17. Bxd3 Bxd3 18. Rd1 Bg6 19. Ne2 0-0 20. Rd4 e5 21. Rxd8 Rxd8 22. Qe1 Bd3 23. Rd1 Nh5 24. Nc1 e4 25. Nf5 Qe5 26. Nd4 Bc4 27. b3 Bd5 28. Qe3 Nf4 29. Nde2 Ne6 30. f4 Qc7 31. f5 Nf8 32. Nd4 b5 33. Nce2 Bb7 34. Rf1 Nd7 35. Nf4 Nf6 36. g4 h6 37. Rf2 Qc5 38. b4 Qe5 39. Rg2 Ne8 40. g5 h5 41. Nxh5 Nd6 42. Qf4 Qd5 43. Nf6+ gxf6 44. gxf6+ Kf8 45. Ne6+ Ke8 46. Nc7+ Kd7 47. Nxd5 Bxd5 48. Rd2 Rg8+ 49. Kh2 Kc6 50. Qe5 1-0

[Event "Vojvodina-chT 2nd League"]
[Site "Stari Banovci"]
[Date "2013.11.06"]
[Round "4"]
[White "Besedes, Danilo"]
[Black "Skoko, Milan"]
[Result "1/2-1/2"]
[WhiteElo "1974"]
[BlackElo "2239"]
[PlyCount "115"]
[EventDate "2013.11.03"]
[EventType "team-tourn"]
[EventRounds "11"]
[EventCountry "SRB"]
[SourceTitle "EXT 2015"]
[Source "ChessBase"]
[SourceDate "2014.11.20"]
[SourceVersion "1"]
[SourceVersionDate "2014.11.20"]
[SourceQuality "1"]

1. d4 f5 2. c4 Nf6 3. Nc3 e6 4. Nf3 Be7 5. g3 0-0 6. Bg2 d6 7. 0-0 a5 8. Qc2 Nc6 9. e4 fxe4 10. Nxe4 e5 11. dxe5 dxe5 12. Nxf6+ Bxf6 13. Be3 Nb4 14. Qa4 Qe8 15. Qxe8 Rxe8 16. a3 Nc2 17. Rad1 Nxe3 18. fxe3 Be6 19. c5 Red8 20. h4 h6 21. Nd2 c6 22. Ne4 Be7 23. Rfe1 a4 24. Bf3 Bd5 25. Rc1 Ra5 26. Red1 Rf8 27. Bg2 Bxe4 28. Bxe4 Rxc5 29. Kg2 Rxc1 30. Rxc1 Rd8 31. Rc2 Kf7 32. Kf3 Ke6 33. Ke2 Ra8 34. Bg2 Kd6 35. Rd2+ Kc7 36. Bh3 Bd6 37. Be6 Rf8 38. g4 b5 39. Bf5 b4 40. Rc2 Rb8 41. Rc4 Be7 42. h5 bxa3 43. bxa3 Bxa3 44. Rxa4 Bc5 45. Rc4 Rb5 46. Be4 Kd6 47. Rc3 Rb2+ 48. Kf3 Ra2 49. Rd3+ Kc7 50. Rc3 Ra5 51. Ke2 Kb6 52. Kf3 Ra4 53. Bf5 Be7 54. Bd7 e4+ 55. Kf4 Kc7 56. Be6 Bd6+ 57. Kf5 Ra7 58. Kg6 1/2-1/2